<?xml version="1.0" encoding="UTF-8"?><?xml-stylesheet type="text/xsl" href="static/style.xsl"?><OAI-PMH xmlns="http://www.openarchives.org/OAI/2.0/" xmlns:xsi="http://www.w3.org/2001/XMLSchema-instance" xsi:schemaLocation="http://www.openarchives.org/OAI/2.0/ http://www.openarchives.org/OAI/2.0/OAI-PMH.xsd"><responseDate>2026-04-17T04:29:05Z</responseDate><request verb="GetRecord" identifier="oai:www.recercat.cat:2117/342589" metadataPrefix="marc">https://recercat.cat/oai/request</request><GetRecord><record><header><identifier>oai:recercat.cat:2117/342589</identifier><datestamp>2025-07-22T16:06:03Z</datestamp><setSpec>com_2072_1033</setSpec><setSpec>col_2072_452951</setSpec></header><metadata><record xmlns="http://www.loc.gov/MARC21/slim" xmlns:dcterms="http://purl.org/dc/terms/" xmlns:xsi="http://www.w3.org/2001/XMLSchema-instance" xmlns:doc="http://www.lyncode.com/xoai" xsi:schemaLocation="http://www.loc.gov/MARC21/slim http://www.loc.gov/standards/marcxml/schema/MARC21slim.xsd">
   <leader>00925njm 22002777a 4500</leader>
   <datafield ind2=" " ind1=" " tag="042">
      <subfield code="a">dc</subfield>
   </datafield>
   <datafield ind2=" " ind1=" " tag="720">
      <subfield code="a">Baqués Sabat, Anna</subfield>
      <subfield code="e">author</subfield>
   </datafield>
   <datafield ind2=" " ind1=" " tag="260">
      <subfield code="c">2020-10-07</subfield>
   </datafield>
   <datafield ind2=" " ind1=" " tag="520">
      <subfield code="a">Projecte d'un poliesportiu amb dues pistes, situat en un terreny amb gran pendent. Es col·loca mig enterrat, aprofitant aquest desnivell per tal i aconseguir així una coberta verda i transitable que es fon amb la zona de parc que l'envolta. El projecte de l'espai públic pretén donar solució a la pastilla infranquejable que és ara mateix el solar.</subfield>
   </datafield>
   <datafield ind2=" " ind1=" " tag="520">
      <subfield code="a">Proyecto de un polideportivo con dos pistas, situado en un terreno con gran pendiente. Se coloca medio enterrado, aprovechando este desnivel con el objetivo de conseguir así una cubierta verde y transitable que se funde con la zona de parque que lo rodea. El proyecto del espacio público pretende dar respuesta a la pastilla infranqueable que es ahora mismo este solar.</subfield>
   </datafield>
   <datafield ind2=" " ind1=" " tag="520">
      <subfield code="a">Project of an sports center with two courts, placed in a very steeped terrain. It's placed half buried, taing advantage of this unevenness with the aim of acihieving a green and passable roof that blends with the sorrounding park area. The public space project aims to respond to the impassable pill that this place is nowadays.</subfield>
   </datafield>
   <datafield tag="653" ind2=" " ind1=" ">
      <subfield code="a">Àrees temàtiques de la UPC::Urbanisme::Arquitectura del paisatge</subfield>
   </datafield>
   <datafield tag="653" ind2=" " ind1=" ">
      <subfield code="a">Àrees temàtiques de la UPC::Arquitectura::Tipologies d'edificis</subfield>
   </datafield>
   <datafield tag="653" ind2=" " ind1=" ">
      <subfield code="a">Parks -- Spain -- San Vicente dels Horts</subfield>
   </datafield>
   <datafield tag="653" ind2=" " ind1=" ">
      <subfield code="a">Sports facilities -- Spain -- San Vicente dels Horts</subfield>
   </datafield>
   <datafield tag="653" ind2=" " ind1=" ">
      <subfield code="a">Underground construction -- Spain -- San Vicente dels Horts</subfield>
   </datafield>
   <datafield tag="653" ind2=" " ind1=" ">
      <subfield code="a">poliesportiu</subfield>
   </datafield>
   <datafield tag="653" ind2=" " ind1=" ">
      <subfield code="a">parc</subfield>
   </datafield>
   <datafield tag="653" ind2=" " ind1=" ">
      <subfield code="a">terreny</subfield>
   </datafield>
   <datafield tag="653" ind2=" " ind1=" ">
      <subfield code="a">Parcs -- Catalunya -- Sant Vicenç dels Horts</subfield>
   </datafield>
   <datafield tag="653" ind2=" " ind1=" ">
      <subfield code="a">Instal·lacions esportives -- Catalunya -- Sant Vicenç dels Horts</subfield>
   </datafield>
   <datafield tag="653" ind2=" " ind1=" ">
      <subfield code="a">Edificis semienterrats -- Catalunya -- Sant Vicenç dels Horts</subfield>
   </datafield>
   <datafield ind2="0" ind1="0" tag="245">
      <subfield code="a">La Barruana. Centre lúdico-esportiu a Sant Vicenç dels Horts</subfield>
   </datafield>
</record></metadata></record></GetRecord></OAI-PMH>